000 00306nam a22001217a 4500
040 _cNUST
082 _a342.5491
_bZAK
100 _aZaka Ali
_9124800
245 _aThe Rules of Business 1973
260 _aKarachi:
_bThe Ideal Publishers,
_c2021.
650 _2The Rules of Business 1973
942 _2ddc
_cBK
999 _c610591
_d610591